000 00303nam a22001337a 4500
008 170411b xxu||||| |||| 00| 0 eng d
020 _a9780894805776
041 _aeng
080 _a618
100 _a10
101 _aSHM
245 _aWHAT TO EXPECT THE FIRST YEAR
_cHARRIS.H
942 _2udc
_cBK
999 _c10379
_d10379